Manual de psicología clínica infantil y del adolescente: (Registro nro. 2368)

Detalles MARC
000 -Cabecera
Campo de control interno 00458nam a2200181Ia 4500
005 - Fecha y hora del registro
control field 20260306144801.0
008 - Elementos de Longitud Fija
fixed length control field 260306t2015||||xx |||||||||||||| ||spa||
041 ## - Idioma
Codigo Idioma ESP
082 ## - DEWEY y NOTACIÓN INTERNA
Dewey 616.89
Notación Interna C12
100 ## - AUTOR
Autor denominación Caballo, Vicente E.
Término de relación autor
245 #0 - TÍTULO DE MATERIAL BIBLIOGRÁFICO
Título Manual de psicología clínica infantil y del adolescente:
Título paralelo trastornos específicos
260 ## - CIUDAD, EDITORIAL, AÑO
Año 2015
300 ## - DESCRIPCIÓN
N° Páginas
Dimensiones
650 ## - TEMAS
Temas Generalidades
654 ## - PROGRAMAS
Programa Dpto. de Psicología
942 ## - ELEMENTOS DE KOHA
Tipo de documento Libro
Nombre del creador Justo Noguera
Código de catalogador Justo Noguera
Esquema de clasificación Dewey Decimal Classification
Suppress in OPAC
Existencias
Codigo completo Registro Colección Copia número Disponibilidad Tipo de préstamo Biblioteca Actual Procedencia (Biblioteca) Ubicacón Fecha Ingreso Tipo de Adquisición Date last seen Total checkouts Price effective from Tipo de Item Estado del Material Fuente de Clasificación Damaged status Withdrawn status
616.89 C12 1007705 Universidad Católica San Pablo 1 Disponible Disponible Víctor Andrés Belaunde Víctor Andrés Belaunde Planta baja abierta 03/06/2026 Compra 06/03/2026   06/03/2026 Libro Bueno Dewey Decimal Classification